[Event "Dieppe op-A 7th"]
[Site "Dieppe"]
[Date "2011.08.29"]
[Round "2"]
[White "Angermuende, Dirk"]
[Black "Marholev, Dimitar"]
[Result "0-1"]
[WhiteElo "2039"]
[BlackElo "2377"]
[PlyCount "62"]
[EventDate "2011.08.28"]
[EventType "swiss"]
[EventRounds "9"]
[EventCountry "FRA"]
[SourceTitle "EXT 2012"]
[Source "ChessBase"]
[SourceDate "2011.11.24"]
[SourceVersion "1"]
[SourceVersionDate "2011.11.24"]
[SourceQuality "1"]

1. e4 e5 2. Nf3 Nc6 3. c3 Nf6 4. d4 d6 5. dxe5 Nxe5 6. Nxe5 dxe5 7. Qxd8+ Kxd8
8. Bg5 Be7 9. Nd2 Nd7 10. Be3 c6 11. Be2 Kc7 12. O-O-O a5 13. a4 Nc5 14. b3 Be6
15. Kc2 Rhd8 16. Bxc5 Bxc5 17. f3 f6 18. Bc4 Bd7 19. Rhe1 b5 20. axb5 cxb5 21.
Bd5 Ra7 22. Nf1 b4 23. c4 a4 24. Ra1 Bd4 25. Ra2 axb3+ 26. Kxb3 Rxa2 27. Kxa2
Ba4 28. Rb1 Rb8 29. Nd2 Bc2 30. Rc1 b3+ 31. Ka3 Be3 0-1

[Event "Polanica Zdroj op-D 47th"]
[Site "Polanica Zdroj"]
[Date "2011.08.27"]
[Round "8"]
[White "Szymanowski, Igor"]
[Black "Galka, Kazimierz"]
[Result "0-1"]
[WhiteElo "1540"]
[BlackElo "1823"]
[PlyCount "56"]
[EventDate "2011.08.20"]
[EventType "swiss"]
[EventRounds "9"]
[EventCountry "POL"]
[SourceTitle "EXT 2014"]
[Source "ChessBase"]
[SourceDate "2013.11.20"]
[SourceVersion "1"]
[SourceVersionDate "2013.11.20"]
[SourceQuality "1"]

1. e4 e5 2. Nf3 Nc6 3. c3 d5 4. exd5 Qxd5 5. c4 Qd8 6. Nc3 Bg4 7. Be2 Nf6 8. d3
Bd6 9. Be3 a6 10. O-O O-O 11. Rc1 Rb8 12. Bg5 h6 13. Bxf6 Qxf6 14. c5 Be7 15.
Ne4 Qe6 16. Nfd2 Bxe2 17. Qxe2 Qxa2 18. Nc4 Qb3 19. Rc3 Qb4 20. Qd1 Nd4 21.
Nxe5 Qxb2 22. Rc4 Ne2+ 23. Kh1 Qxe5 24. Qxe2 Rfe8 25. f4 Qd5 26. Qf3 Rbd8 27.
Rd1 b5 28. cxb6 cxb6 0-1

[Event "Feffernitz Raika op 20th"]
[Site "Feffernitz"]
[Date "2011.08.26"]
[Round "7"]
[White "Eulering, Georg"]
[Black "Wiesinger, Johann"]
[Result "1-0"]
[WhiteElo "2112"]
[BlackElo "1805"]
[PlyCount "81"]
[EventDate "2011.08.21"]
[EventType "swiss"]
[EventRounds "9"]
[EventCountry "AUT"]
[SourceTitle "CBM 144 Extra"]
[Source "ChessBase"]
[SourceDate "2011.10.28"]
[SourceVersion "1"]
[SourceVersionDate "2011.10.28"]
[SourceQuality "1"]

1. e4 e5 2. Nf3 Nc6 3. c3 Nf6 4. d4 exd4 5. e5 Ne4 6. Qe2 Nc5 7. cxd4 Na4 8. d5
Bb4+ 9. Bd2 Bxd2+ 10. Qxd2 Ne7 11. d6 Ng6 12. Bb5 Nc5 13. Nc3 cxd6 14. exd6 O-O
15. O-O a6 16. Bc4 b5 17. Bd5 Rb8 18. b4 Ne6 19. Rfe1 Nef4 20. g3 Ne6 21. Rad1
Bb7 22. Bxb7 Rxb7 23. Nd5 h6 24. h4 Re8 25. h5 Ngf8 26. Ne7+ Rxe7 27. dxe7 Qxe7
28. a3 Qf6 29. Kg2 Rc7 30. Re3 Rc4 31. Ne5 Rd4 32. Qe2 Qe7 33. Nc6 Qf6 34. Nxd4
Nxd4 35. Qd3 Nde6 36. Rf3 Qd8 37. Qf5 Ng5 38. Rfd3 Qa8+ 39. Qd5 Qd8 40. f4 Ngh7
41. Qb7 1-0

[Event "Tournament (seniors) (ab.70)"]
[Site "Rychnov nad Kneznou (Czech Re"]
[Date "2011.08.24"]
[Round "3"]
[White "Sebek, Pavel"]
[Black "Vitek, Vaclav"]
[Result "0-1"]
[WhiteElo "1760"]
[BlackElo "2035"]
[PlyCount "72"]
[EventDate "2011.??.??"]
[EventRounds "7"]
[EventCountry "CZE"]
[SourceTitle "OM OTB B 201907"]
[Source "Opening Master"]
[SourceDate "2019.07.06"]
[SourceVersion "2"]
[SourceVersionDate "2019.07.06"]
[SourceQuality "1"]

1. e4 e5 2. Nf3 Nc6 3. c3 Nf6 4. d3 Be7 5. Be2 d5 6. Qc2 O-O 7. h3 Ne8 8. Be3
Be6 9. Nbd2 f5 10. exf5 Bxf5 11. O-O Kh8 12. Rfe1 d4 13. cxd4 exd4 14. Bf4 Bxh3
15. Bg3 Bf5 16. Rac1 Bd6 17. Nf1 Bg6 18. a3 Bf4 19. Bh4 Qd7 20. Rcd1 Nd6 21.
Bg5 Rae8 22. Bxf4 Rxf4 23. Ng3 Ref8 24. Rd2 Qd8 25. Bd1 h5 26. Nh1 Qf6 27. Rde2
Rxf3 28. Re6 Qg5 29. Bxf3 Rxf3 30. Qe2 Rf8 31. Ng3 h4 32. Ne4 Nxe4 33. dxe4 Bf7
34. Qf3 Kg8 35. Qb3 Qg4 36. Qxb7 h3 0-1

[Event "Polanica Zdroj op-D 47th"]
[Site "Polanica Zdroj"]
[Date "2011.08.23"]
[Round "4"]
[White "Szymanowski, Igor"]
[Black "Herman, Monika"]
[Result "0-1"]
[WhiteElo "1540"]
[BlackElo "1672"]
[PlyCount "120"]
[EventDate "2011.08.20"]
[EventType "swiss"]
[EventRounds "9"]
[EventCountry "POL"]
[SourceTitle "EXT 2014"]
[Source "ChessBase"]
[SourceDate "2013.11.20"]
[SourceVersion "1"]
[SourceVersionDate "2013.11.20"]
[SourceQuality "1"]

1. e4 e5 2. Nf3 Nc6 3. c3 Nf6 4. d4 exd4 5. e5 Qe7 6. cxd4 Nd5 7. Be2 Qb4+ 8.
Qd2 Qxd2+ 9. Bxd2 Ncb4 10. Bxb4 Bxb4+ 11. Nbd2 d6 12. a3 Bxd2+ 13. Kxd2 dxe5
14. Nxe5 O-O 15. h4 Nb6 16. Rad1 Be6 17. Kc2 Rac8 18. Bf3 Nd5 19. Nd3 b6 20. b4
Rfd8 21. Rhe1 Bf5 22. Re5 Bxd3+ 23. Rxd3 Nf4 24. Rd1 Ng6 25. Rh5 Rd6 26. Be4
Rcd8 27. d5 h6 28. b5 Re8 29. Re1 Nf4 30. Rf5 Nxg2 31. Re2 Nxh4 32. Rh5 Ng6 33.
Re3 Red8 34. Rf5 Ne7 35. Re5 Nxd5 36. Re2 Nf4 37. Re3 Rd2+ 38. Kc3 Rxf2 39. Bc2
f6 40. Bb3+ Kf8 41. Re7 Nd5+ 42. Bxd5 Rxd5 43. Re8+ Kf7 44. R8e7+ Kg6 45. Rg3+
Rg5 46. Rxg5+ fxg5 47. Rxc7 Rf7 48. Rc6+ Kf5 49. a4 g4 50. a5 bxa5 51. Ra6 g3
52. Rxa5 Kg4 53. Ra4+ Kh3 54. Kd2 g2 55. Ra1 Kh2 56. Ke2 g1=Q 57. Rxg1 Kxg1 58.
Ke3 h5 59. Kd4 h4 60. Kc5 h3 0-1

[Event "Feffernitz Raika op 20th"]
[Site "Feffernitz"]
[Date "2011.08.21"]
[Round "2"]
[White "Eulering, Georg"]
[Black "Piber, Vinko"]
[Result "1-0"]
[WhiteElo "2112"]
[BlackElo "1822"]
[PlyCount "93"]
[EventDate "2011.08.21"]
[EventType "swiss"]
[EventRounds "9"]
[EventCountry "AUT"]
[SourceTitle "CBM 144 Extra"]
[Source "ChessBase"]
[SourceDate "2011.10.28"]
[SourceVersion "1"]
[SourceVersionDate "2011.10.28"]
[SourceQuality "1"]

1. e4 e5 2. Nf3 Nc6 3. c3 Nf6 4. d4 exd4 5. e5 Ng4 6. cxd4 d6 7. h3 Nh6 8. Bb5
a6 9. Bxc6+ bxc6 10. Qc2 Qd7 11. Bxh6 gxh6 12. Nbd2 d5 13. Nb3 Bb4+ 14. Nfd2
O-O 15. Rc1 Bb7 16. O-O Rae8 17. f4 f5 18. Nc5 Bxc5 19. dxc5 a5 20. Nf3 Re6 21.
Nd4 Rg6 22. Rf3 Kh8 23. Rcf1 Bc8 24. R1f2 Qg7 25. Ra3 Rg3 26. Rff3 Rxf3 27.
Rxf3 Rg8 28. Ra3 h5 29. Qf2 Ba6 30. Nxf5 Qf8 31. Nh4 Bc8 32. f5 Qh6 33. e6 Qf6
34. Rd3 Ba6 35. Qd4 Qxd4+ 36. Rxd4 Kg7 37. Ra4 Kf6 38. Kf2 Bd3 39. Rxa5 Bxf5
40. Nxf5 Kxf5 41. Ra6 Rg7 42. Rxc6 d4 43. b4 d3 44. Ke3 Rg3+ 45. Kd2 Ke4 46. e7
Rxg2+ 47. Kc3 1-0

[Event "Challenge from golda"]
[Site "http://gameknot.com/chess.pl?"]
[Date "2011.08.21"]
[Round "?"]
[White "Oregonchessguy"]
[Black "Golda"]
[Result "0-1"]
[WhiteElo "2142"]
[BlackElo "2291"]
[PlyCount "64"]
[EventDate "2011.??.??"]
[SourceTitle "OM Portal C 201906"]
[Source "Opening Master"]
[SourceDate "2019.06.27"]
[SourceVersion "1"]
[SourceVersionDate "2019.06.27"]
[SourceQuality "1"]

1. e4 e5 2. Nf3 Nc6 3. c3 d5 4. Qa4 f6 5. Bb5 Nge7 6. exd5 Qxd5 7. O-O e4 8. c4
Qd6 9. c5 Qxc5 10. d4 Qd6 11. Nfd2 f5 12. Nc4 Qe6 13. Na5 Bd7 14. Nxb7 Nxd4 15.
Bxd7+ Qxd7 16. Qxd7+ Kxd7 17. Rd1 Kc8 18. Rxd4 Nc6 19. Rd5 Kxb7 20. Nc3 g6 21.
Bf4 Rd8 22. Rxd8 Nxd8 23. Be5 Rg8 24. Nd5 Ne6 25. Re1 Bc5 26. Kf1 Rd8 27. Nf4
Nxf4 28. Bxf4 Rd3 29. Rc1 Bd6 30. Bxd6 cxd6 31. Ke2 d5 32. Rc5 f4 0-1

[Event "59581 I. Open"]
[Site "Budapest, Hungary"]
[Date "2011.08.20"]
[Round "1.5"]
[White "Torok, Tamas Titusz"]
[Black "Schatzer, Andras"]
[Result "1-0"]
[WhiteElo "2059"]
[BlackElo "1798"]
[PlyCount "73"]
[EventDate "2011.??.??"]
[EventRounds "9"]
[EventCountry "HUN"]
[SourceTitle "OM OTB B 201907"]
[Source "Opening Master"]
[SourceDate "2019.07.06"]
[SourceVersion "2"]
[SourceVersionDate "2019.07.06"]
[SourceQuality "1"]

1. e4 e5 2. Nf3 Nc6 3. c3 Bc5 4. d4 exd4 5. cxd4 Bb4+ 6. Nc3 d5 7. e5 Nge7 8.
a3 Ba5 9. Be2 O-O 10. O-O h6 11. b4 Bb6 12. Na4 Bd7 13. Nc5 Bxc5 14. dxc5 Bg4
15. Bb2 Ng6 16. h3 Bxf3 17. Bxf3 Ncxe5 18. Bxd5 c6 19. Be4 Qxd1 20. Rfxd1 Rad8
21. g3 Nc4 22. Bc3 Rxd1+ 23. Rxd1 Nxa3 24. Rd7 Nb5 25. Bb2 Ne5 26. Bxe5 Re8 27.
f4 f6 28. Bg6 Ra8 29. Bb2 b6 30. Bd3 bxc5 31. bxc5 a5 32. Bxb5 cxb5 33. c6 Rc8
34. c7 Kh7 35. Bxf6 Kg6 36. Be5 b4 37. Rd8 1-0

[Event "FICS rated standard game"]
[Site "FICS freechess.org"]
[Date "2011.08.18"]
[Round "?"]
[White "HalfBakedElasker"]
[Black "isochronus"]
[Result "1-0"]
[WhiteElo "2056"]
[BlackElo "2033"]
[PlyCount "33"]
[EventDate "2011.??.??"]
[SourceTitle "OM Portal C 201906"]
[Source "Opening Master"]
[SourceDate "2019.06.27"]
[SourceVersion "1"]
[SourceVersionDate "2019.06.27"]
[SourceQuality "1"]

1. e4 e5 2. Nf3 Nc6 3. c3 d5 4. Qa4 dxe4 5. Nxe5 Nf6 6. Bc4 Be6 7. Nxc6 bxc6 8.
Bxe6 fxe6 9. Qxc6+ Kf7 10. O-O Bd6 11. f3 exf3 12. Rxf3 Rf8 13. d3 Kg8 14. Na3
Ng4 15. Bf4 e5 16. Bg3 Rb8 17. Qc4+ 1-0

[Event "FICS rated standard game"]
[Site "FICS freechess.org"]
[Date "2011.08.17"]
[Round "?"]
[White "HalfBakedElasker"]
[Black "jetix"]
[Result "1-0"]
[WhiteElo "2024"]
[BlackElo "2045"]
[PlyCount "31"]
[EventDate "2011.??.??"]
[SourceTitle "OM Portal C 201906"]
[Source "Opening Master"]
[SourceDate "2019.06.27"]
[SourceVersion "1"]
[SourceVersionDate "2019.06.27"]
[SourceQuality "1"]

1. e4 e5 2. Nf3 Nc6 3. c3 Nf6 4. d4 Nxe4 5. dxe5 d5 6. Nbd2 Bc5 7. Nxe4 dxe4 8.
Qxd8+ Kxd8 9. Ng5 Nxe5 10. Bf4 f6 11. O-O-O+ Ke7 12. Nxe4 Bb6 13. Bxe5 fxe5 14.
Rd5 Rf8 15. Rxe5+ Be6 16. Bc4 1-0

[Event "Berlin Lichtenberger op 10th"]
[Site "Berlin"]
[Date "2011.08.16"]
[Round "4"]
[White "Stark, Steven"]
[Black "Schmidt, Juergen"]
[Result "0-1"]
[WhiteElo "1594"]
[BlackElo "2024"]
[PlyCount "88"]
[EventDate "2011.08.13"]
[EventType "swiss"]
[EventRounds "9"]
[EventCountry "GER"]
[SourceTitle "CBM 143 Extra"]
[Source "ChessBase"]
[SourceDate "2011.08.29"]
[SourceVersion "1"]
[SourceVersionDate "2011.08.29"]
[SourceQuality "1"]

1. e4 e5 2. Nf3 Nc6 3. c3 Nf6 4. d3 d5 5. Be2 dxe4 6. dxe4 Qxd1+ 7. Bxd1 Nxe4
8. O-O f6 9. Nbd2 Nxd2 10. Nxd2 Bd7 11. Bb3 O-O-O 12. Ne4 Bf5 13. Ng3 Bg6 14.
Be6+ Kb8 15. Bf5 Bxf5 16. Nxf5 Ne7 17. Ne3 Kc8 18. b4 Nd5 19. Nxd5 Rxd5 20. Be3
Be7 21. f4 Rd3 22. Bc5 Bxc5+ 23. bxc5 exf4 24. Rxf4 Rhd8 25. a4 Rxc3 26. c6
Rxc6 27. h3 Rcd6 28. Re1 Rd1 29. Rff1 Rxe1 30. Rxe1 Kd7 31. Rb1 b6 32. Kf2 c5
33. Ke3 Ke6 34. a5 Rd6 35. axb6 axb6 36. h4 h5 37. g3 g5 38. Rb2 Kf5 39. hxg5
fxg5 40. Rh2 Kg4 41. Rh1 c4 42. Ke4 c3 43. Rc1 Rc6 44. Kd3 c2 0-1

[Event "St Petersburg Botvinnik 100 op"]
[Site "St Petersburg"]
[Date "2011.08.15"]
[Round "4"]
[White "Turikov, Viktor"]
[Black "Musalov, Ruslan"]
[Result "1-0"]
[WhiteElo "2291"]
[BlackElo "2399"]
[PlyCount "67"]
[EventDate "2011.08.12"]
[EventType "swiss"]
[EventRounds "9"]
[EventCountry "RUS"]
[SourceTitle "CBM 143 Extra"]
[Source "ChessBase"]
[SourceDate "2011.08.29"]
[SourceVersion "1"]
[SourceVersionDate "2011.08.29"]
[SourceQuality "1"]

1. e4 e5 2. Nf3 Nc6 3. c3 f5 4. d3 Nf6 5. Nbd2 Be7 6. Be2 d5 7. exd5 Nxd5 8.
O-O O-O 9. Re1 Bf6 10. Bf1 Re8 11. a4 Be6 12. Nc4 Bf7 13. a5 b5 14. axb6 cxb6
15. Qa4 Rc8 16. Ne3 Nxe3 17. Bxe3 Bd5 18. Be2 f4 19. Bc1 Na5 20. Nd2 Nb7 21.
Ne4 Nc5 22. Nxc5 Rxc5 23. Qd1 Qa8 24. Bf1 Rd8 25. Bd2 Rc7 26. Qa4 Qc8 27. d4 f3
28. dxe5 fxg2 29. Ba6 b5 30. Qf4 Qh3 31. exf6 Rf7 32. Qg3 Qh5 33. Re7 Rdf8 34.
Rae1 1-0

[Event "SLO-ch (Women)"]
[Site "Ljubljana"]
[Date "2011.08.14"]
[Round "9"]
[White "Nadvesnik, Maja"]
[Black "Hrenic, Misa"]
[Result "0-1"]
[WhiteElo "1805"]
[BlackElo "2044"]
[PlyCount "98"]
[EventDate "2011.08.06"]
[EventType "swiss"]
[EventRounds "9"]
[EventCountry "SLO"]
[SourceTitle "CBM 143 Extra"]
[Source "ChessBase"]
[SourceDate "2011.08.29"]
[SourceVersion "1"]
[SourceVersionDate "2011.08.29"]
[SourceQuality "1"]

1. e4 e5 2. Nf3 Nc6 3. c3 Nf6 4. d4 exd4 5. e5 Qe7 6. Be2 Nxe5 7. O-O Nc6 8.
Re1 Qd8 9. Bb5+ Be7 10. cxd4 O-O 11. d5 Nb8 12. Bf4 Bb4 13. Nc3 c6 14. dxc6
dxc6 15. Bd3 Bg4 16. a3 Ba5 17. b4 Bc7 18. Bxc7 Qxc7 19. Be2 Nbd7 20. Qc2 h6
21. h3 Bh5 22. Nh4 Bxe2 23. Rxe2 Rfe8 24. Rae1 Rxe2 25. Rxe2 Re8 26. Rxe8+ Nxe8
27. Qe4 Qe5 28. Nf5 Qxe4 29. Nxe4 Kf8 30. f4 h5 31. Kf2 g6 32. Nfd6 Ndf6 33.
Nxf6 Nxd6 34. Nd7+ Ke7 35. Ne5 Nb5 36. a4 Nc3 37. a5 Nd5 38. Nd3 b6 39. axb6
axb6 40. Kf3 f6 41. g4 hxg4+ 42. hxg4 Ke6 43. Ke4 Nc3+ 44. Kd4 Nb5+ 45. Ke4
Nd6+ 46. Kd4 Nf7 47. Ke4 Nh6 48. Nf2 Nxg4 49. Nxg4 f5+ 0-1

[Event "Cologne Longerich op 8th"]
[Site "Cologne"]
[Date "2011.08.13"]
[Round "3"]
[White "Schroeter, Ron"]
[Black "Budszuhn, Timo"]
[Result "0-1"]
[WhiteElo "1479"]
[BlackElo "1886"]
[PlyCount "102"]
[EventDate "2011.08.12"]
[EventType "swiss"]
[EventRounds "5"]
[EventCountry "GER"]
[SourceTitle "OM OTB B 201907"]
[Source "Opening Master"]
[SourceDate "2019.07.06"]
[SourceVersion "2"]
[SourceVersionDate "2019.07.06"]
[SourceQuality "1"]

1. e4 e5 2. Nf3 Nc6 3. c3 Nf6 4. d4 exd4 5. e5 Nd5 6. cxd4 Bb4+ 7. Bd2 Bxd2+ 8.
Nbxd2 O-O 9. Qb3 Nb6 10. Bd3 d6 11. O-O dxe5 12. dxe5 Be6 13. Qc2 h6 14. Rad1
Nb4 15. Bh7+ Kh8 16. Qe4 Nxa2 17. Bf5 Bxf5 18. Qxf5 Qe7 19. Qe4 c6 20. Nd4 Rfe8
21. Nc2 Nd5 22. Nc4 Nab4 23. Nd6 Qxd6 24. Rfe1 Qe7 25. Nd4 Rad8 26. Nf5 Qe6 27.
Qf3 Ne7 28. Nd6 Nf5 29. Nxe8 Rxe8 30. g4 Nc2 31. gxf5 Nxe1 32. Rxe1 Qc4 33. e6
fxe6 34. fxe6 Rxe6 35. Qf8+ Kh7 36. Qf5+ Rg6+ 37. Kh1 Qg4 38. Qxg4 Rxg4 39. Ra1
a6 40. f3 Rb4 41. Rb1 Rb3 42. Kg2 Kg6 43. h4 Kf5 44. Kg3 g5 45. h5 g4 46. Rf1
Rxf3+ 47. Rxf3+ gxf3 48. Kxf3 b5 49. b4 Ke5 50. Kg4 c5 51. bxc5 b4 0-1

[Event "FICGS__CHESS__CLASS_F__000099"]
[Site "FICGS"]
[Date "2011.08.12"]
[Round "1"]
[White "Melquiades, Jay"]
[Black "Malween, Denis"]
[Result "0-1"]
[WhiteElo "942"]
[BlackElo "1200"]
[PlyCount "52"]
[EventDate "2011.??.??"]

1. e4 e5 2. Nf3 Nc6 3. c3 Nf6 4. h3 Nxe4 5. Qe2 d5 6. d3 Nf6 7. Bg5 h6 8. Bh4
Bd6 9. d4 e4 10. Nfd2 g5 11. Bg3 Bxg3 12. fxg3 Bf5 13. Na3 Qd6 14. b4 Qxg3+ 15.
Kd1 Qxc3 16. Nc2 e3 17. Nb3 O-O 18. Nc5 Bxc2+ 19. Qxc2 Qxa1+ 20. Qc1 Qxd4+ 21.
Nd3 Ne5 22. Be2 Ne4 23. Ke1 Nxd3+ 24. Bxd3 Qxd3 25. Qd1 Qxd1+ 26. Kxd1 Nf2+ 0-1

[Event "FICGS__CHESS__RAPID_E__000059"]
[Site "FICGS"]
[Date "2011.08.12"]
[Round "1"]
[White "Orden, Jorge"]
[Black "Malween, Denis"]
[Result "0-1"]
[WhiteElo "1150"]
[BlackElo "1200"]
[PlyCount "62"]
[EventDate "2011.??.??"]
[EventType "rapid"]

1. e4 e5 2. Nf3 Nc6 3. c3 Nf6 4. Qc2 Bc5 5. h3 d5 6. b4 Bxf2+ 7. Kxf2 Nxe4+ 8.
Kg1 Ng3 9. Rh2 e4 10. Nd4 Ne5 11. d3 Qf6 12. Qf2 Qxf2+ 13. Kxf2 Nxf1 14. Kxf1
Nxd3 15. Bd2 f5 16. a4 b6 17. Na3 O-O 18. Nab5 c5 19. Nc6 Bd7 20. Ncxa7 f4 21.
a5 Bxb5 22. Nxb5 e3 23. Be1 Rae8 24. Nc7 Re5 25. axb6 Rb8 26. bxc5 Nxc5 27. Ra8
Rxa8 28. Nxa8 e2+ 29. Kf2 Nd3+ 30. Kf3 h5 31. Rh1 Re3# 0-1

[Event "Figueres op 12th"]
[Site "Figueres"]
[Date "2011.08.11"]
[Round "1"]
[White "Cantenys Pages, Carles"]
[Black "Lillo Ferrer, Josep Maria"]
[Result "0-1"]
[WhiteElo "1570"]
[BlackElo "2151"]
[PlyCount "90"]
[EventDate "2011.08.11"]
[EventType "swiss"]
[EventRounds "9"]
[EventCountry "ESP"]
[SourceTitle "CBM 143 Extra"]
[Source "ChessBase"]
[SourceDate "2011.08.29"]
[SourceVersion "1"]
[SourceVersionDate "2011.08.29"]
[SourceQuality "1"]

1. e4 e5 2. Nf3 Nc6 3. c3 d6 4. Be2 Nf6 5. d3 g6 6. O-O Bg7 7. h3 O-O 8. Nh2 d5
9. exd5 Nxd5 10. Bf3 Be6 11. Ng4 Qh4 12. Ne3 Rad8 13. Nxd5 Bxd5 14. Bxd5 Rxd5
15. Qb3 Rfd8 16. Qxb7 Qf6 17. Be3 Rb8 18. Qxc7 Qe6 19. Bxa7 Rxb2 20. Be3 Rdb5
21. d4 Bf8 22. Na3 Bxa3 23. c4 Rb7 24. d5 Rxc7 25. dxe6 fxe6 26. Rfd1 Rc2 27.
Rd3 Bb2 28. Rad1 Rxc4 29. Rd6 Kf7 30. Bb6 Rb7 31. Rd7+ Rxd7 32. Rxd7+ Ne7 33.
a4 Bd4 34. Bd8 Ke8 35. Rxe7+ Kxd8 36. Rxh7 Rxa4 37. Rg7 Ra2 38. Rxg6 Rxf2 39.
Kh2 Kd7 40. Kg3 Rf4 41. Rg7+ Kd6 42. Rb7 Bf2+ 43. Kh2 e4 44. Rb2 Bd4 45. Re2 e3
0-1

[Event "GER-ch Seniors 23rd"]
[Site "Halle"]
[Date "2011.08.09"]
[Round "5"]
[White "Fleischer, Martin"]
[Black "Ljuboschitz, Alexander"]
[Result "1-0"]
[WhiteElo "1897"]
[BlackElo "2200"]
[PlyCount "125"]
[EventDate "2011.08.05"]
[EventType "swiss"]
[EventRounds "9"]
[EventCountry "GER"]
[SourceTitle "CBM 144 Extra"]
[Source "ChessBase"]
[SourceDate "2011.10.28"]
[SourceVersion "1"]
[SourceVersionDate "2011.10.28"]
[SourceQuality "1"]

1. e4 e5 2. Nf3 Nc6 3. c3 Nf6 4. Bb5 Nxe4 5. Qe2 Nf6 6. Nxe5 Nxe5 7. Qxe5+ Be7
8. O-O O-O 9. d4 Re8 10. Bg5 h6 11. Bxf6 Bxf6 12. Qg3 b6 13. Qf3 Rb8 14. Nd2 c6
15. Bd3 d5 16. Rfe1 Be6 17. Bf5 Qd7 18. Bxe6 Rxe6 19. Rxe6 Qxe6 20. Qd3 Re8 21.
Kf1 c5 22. dxc5 bxc5 23. Nf3 Rb8 24. Re1 Qc6 25. Re2 g6 26. Qd2 Kg7 27. h3 Qa6
28. a3 Qc4 29. Kg1 Qa2 30. g4 Rd8 31. Qd3 Qb3 32. Rd2 Qa4 33. Kg2 Qc6 34. Qe2
Qe6 35. Qd1 Qe4 36. Re2 Qf4 37. Qd2 Qd6 38. Qd1 Qc6 39. Rd2 d4 40. c4 Rb8 41.
b3 Bg5 42. Rd3 Bf6 43. a4 Re8 44. Kf1 Qd7 45. Nd2 Bg5 46. Nf3 Bf4 47. Ng1 Re6
48. Nf3 Rf6 49. b4 h5 50. bxc5 hxg4 51. Rxd4 Qe6 52. hxg4 Qxg4 53. Ng1 Qe6 54.
Rd3 Be3 55. f3 Bxc5 56. Qc2 Bxg1 57. Kxg1 Qe1+ 58. Kg2 Qe5 59. Rd5 Qe3 60. Qf2
Qxf2+ 61. Kxf2 Rc6 62. a5 Rc7 63. c5 1-0

[Event "GER-ch Seniors 23rd"]
[Site "Halle"]
[Date "2011.08.09"]
[Round "5"]
[White "Kirmas, Joachim"]
[Black "Schober, Manfred"]
[Result "1-0"]
[WhiteElo "2056"]
[BlackElo "1927"]
[PlyCount "99"]
[EventDate "2011.08.05"]
[EventType "swiss"]
[EventRounds "9"]
[EventCountry "GER"]
[SourceTitle "CBM 144 Extra"]
[Source "ChessBase"]
[SourceDate "2011.10.28"]
[SourceVersion "1"]
[SourceVersionDate "2011.10.28"]
[SourceQuality "1"]

1. e4 e5 2. Nf3 Nc6 3. c3 Nf6 4. d4 Be7 5. d5 Nb8 6. Nxe5 d6 7. Bb5+ c6 8. dxc6
O-O 9. Nf3 bxc6 10. Bd3 Nbd7 11. Be3 Ng4 12. Bf4 Nc5 13. O-O Qb6 14. b3 Bf6 15.
h3 Nxd3 16. Qxd3 Ba6 17. Qc2 Bxf1 18. hxg4 Ba6 19. Bxd6 Rfe8 20. Nbd2 Rad8 21.
e5 Re6 22. exf6 Rexd6 23. c4 Rxf6 24. Ne4 Rh6 25. Re1 c5 26. Neg5 Qg6 27. Qe2
Qd6 28. Qe4 Bc8 29. Ne5 Be6 30. Ngf3 Rf6 31. g5 Rf5 32. g4 Rxe5 33. Nxe5 Qd4
34. Qf3 Re8 35. Nc6 Qd7 36. Rd1 Qc7 37. Re1 Qd7 38. Ne5 Qe7 39. Qf4 Qd8 40. Kg2
f6 41. gxf6 gxf6 42. Nf3 Qe7 43. Qe4 Qg7 44. Kf1 h5 45. Qc6 Qf7 46. Qxc5 hxg4
47. Nd4 Rc8 48. Qd6 Bd7 49. Re7 Qh5 50. Qxd7 1-0

[Event "GER-ch Seniors 23rd"]
[Site "Halle"]
[Date "2011.08.08"]
[Round "4"]
[White "Schoen, Wolfgang"]
[Black "Denda, Ronald"]
[Result "0-1"]
[WhiteElo "1453"]
[BlackElo "2017"]
[PlyCount "78"]
[EventDate "2011.08.05"]
[EventType "swiss"]
[EventRounds "9"]
[EventCountry "GER"]
[SourceTitle "CBM 144 Extra"]
[Source "ChessBase"]
[SourceDate "2011.10.28"]
[SourceVersion "1"]
[SourceVersionDate "2011.10.28"]
[SourceQuality "1"]

1. e4 e5 2. Nf3 Nc6 3. c3 Nf6 4. d3 d5 5. Bg5 dxe4 6. dxe4 Qxd1+ 7. Kxd1 Nxe4
8. Be3 Bg4 9. Be2 O-O-O+ 10. Nbd2 Bc5 11. Bxc5 Nxc5 12. Ng5 Bxe2+ 13. Kxe2 Rd7
14. Rhd1 h6 15. Nge4 Nxe4 16. Nxe4 Rhd8 17. Rxd7 Rxd7 18. f3 b6 19. b4 a5 20.
a3 Kd8 21. Nd2 Ke7 22. b5 Nd8 23. a4 Ne6 24. g3 Nc5 25. Ra3 Ke6 26. Ra1 Rxd2+
27. Kxd2 Nb3+ 28. Kc2 Nxa1+ 29. Kb2 Kd5 30. Kxa1 Kc4 31. Kb2 Kd3 32. Kb3 f5 33.
Kb2 e4 34. fxe4 fxe4 35. Kc1 Kxc3 36. Kd1 Kd3 37. Ke1 Ke3 38. h3 g6 39. g4 g5
0-1

[Event "Ch (open) (juniors) (under"]
[Site "Borne (Netherlands)"]
[Date "2011.08.05"]
[Round "8"]
[White "Knottnerus, Ivo"]
[Black "Yue, Tim"]
[Result "0-1"]
[WhiteElo "1967"]
[BlackElo "1931"]
[PlyCount "84"]
[EventDate "2011.??.??"]
[EventRounds "13"]
[EventCountry "NED"]
[SourceTitle "OM OTB B 201907"]
[Source "Opening Master"]
[SourceDate "2019.07.06"]
[SourceVersion "2"]
[SourceVersionDate "2019.07.06"]
[SourceQuality "1"]

1. e4 e5 2. Nf3 Nc6 3. c3 Nf6 4. Bb5 d6 5. d4 Bg4 6. Qa4 Bd7 7. dxe5 Nxe5 8.
Nxe5 dxe5 9. Bg5 Be7 10. Nd2 a6 11. Bxd7+ Qxd7 12. Qb3 O-O-O 13. O-O-O Ng4 14.
Nf3 Bxg5+ 15. Nxg5 Qe7 16. Nxf7 Rxd1+ 17. Qxd1 Nxf2 18. Qf3 Rf8 19. Qxf2 Qxf7
20. Qe3 Qxa2 21. Rd1 b6 22. Qh3+ Kb7 23. Qd7 Qb3 24. Qd5+ Qxd5 25. Rxd5 Rf1+
26. Kd2 Rf2+ 27. Ke3 Rxb2 28. Rxe5 Rxg2 29. Rd5 Rxh2 30. e5 Rh1 31. Kf4 Rf1+
32. Kg5 a5 33. e6 Re1 34. Kf5 a4 35. Rd4 b5 36. Rd5 Kc6 37. Rd8 Kc5 38. Rd7 a3
39. Rd2 Kc4 40. Rd4+ Kxc3 41. Re4 Rxe4 42. Kxe4 a2 0-1

[Event "Vlissingen HZ op 15th"]
[Site "Vlissingen"]
[Date "2011.08.05"]
[Round "8"]
[White "Van der Borgt, Peter"]
[Black "Kuiper, Willem"]
[Result "1-0"]
[WhiteElo "2061"]
[BlackElo "1787"]
[PlyCount "99"]
[EventDate "2011.07.30"]
[EventType "swiss"]
[EventRounds "9"]
[EventCountry "NED"]
[SourceTitle "CBM 143 Extra"]
[Source "ChessBase"]
[SourceDate "2011.08.29"]
[SourceVersion "1"]
[SourceVersionDate "2011.08.29"]
[SourceQuality "1"]

1. e4 e5 2. Nf3 Nc6 3. c3 Nf6 4. d4 Nxe4 5. d5 Bc5 6. dxc6 Bxf2+ 7. Ke2 bxc6 8.
Nbd2 Nxd2 9. Kxf2 Nxf3 10. Qxf3 O-O 11. Be2 Rb8 12. Rd1 d5 13. Kg1 f5 14. b3
Qf6 15. g3 g5 16. Qh5 f4 17. h4 h6 18. hxg5 hxg5 19. gxf4 exf4 20. Kf2 Rf7 21.
Rg1 Rg7 22. Qe8+ Qf8 23. Qxf8+ Kxf8 24. Ba3+ Kg8 25. Bg4 Bxg4 26. Rxg4 Re8 27.
Rag1 Re3 28. Rxg5 Rxg5 29. Rxg5+ Kf7 30. Bb4 Kf6 31. Rg8 Rd3 32. Rf8+ Ke6 33.
Ke2 Re3+ 34. Kd2 Rf3 35. Re8+ Kf5 36. Bc5 Rh3 37. Re2 Kg4 38. Bxa7 Kg3 39. Bf2+
Kf3 40. Bd4 Kg4 41. Rg2+ Kf3 42. Rf2+ Ke4 43. a4 Rh1 44. Kc2 Ra1 45. Kb2 Rh1
46. a5 Rh6 47. Bc5 Rh8 48. a6 d4 49. Bxd4 Ra8 50. a7 1-0